000 00308nam a2200133Ia 4500
005 20260328104311.0
008 260328s9999||||xx |||||||||||||| ||und||
100 _aStierlin, Henri
245 4 _athe Roman Empire /
_cHenri Stierlin
260 _bTaschen
300 _a192 p.
650 _aROMA
942 _cBK
999 _c10966
_d10966